[Event "Chess.com Bullet op1"]
[Site "Chess.com INT"]
[Date "2020.12.19"]
[Round "7"]
[White "Martinez Alcantara, Jose Eduardo"]
[Black "Chan, Yi Ren Daniel"]
[Result "0-1"]
[WhiteElo "2620"]
[BlackElo "2316"]
[PlyCount "62"]
[EventDate "2020.12.19"]
[EventType "swiss (blitz)"]
[EventRounds "21"]
[EventCountry "USA"]
[SourceTitle "EXT 2022"]
[Source "ChessBase"]
[SourceDate "2021.10.06"]
[SourceVersion "1"]
[SourceVersionDate "2021.10.06"]
[SourceQuality "1"]

1. e4 e5 2. Nf3 Nc6 3. Bb5 Nge7 4. 0-0 g6 5. c3 Bg7 6. d4 exd4 7. cxd4 a6 8. Ba4 b5 9. Bb3 0-0 10. d5 Na5 11. Nc3 Nxb3 12. axb3 c5 13. Bg5 d6 14. Re1 h6 15. Bh4 Qc7 16. Bg3 Qd8 17. e5 dxe5 18. Bxe5 Bb7 19. Bxg7 Kxg7 20. d6 Nf5 21. d7 Qf6 22. Nd5 Qd6 23. Ne7 Qf6 24. Nxf5+ Qxf5 25. Ne5 Rfd8 26. Qd6 Qg5 27. f3 Ra7 28. Qb6 Rxd7 29. Nxd7 Bxf3 30. g3 Rxd7 31. Qxc5 Qxc5+ 0-1

[Event "Chess.com Bullet op1"]
[Site "Chess.com INT"]
[Date "2020.12.19"]
[Round "2"]
[White "Nastore, Pavel Alexandru"]
[Black "Chan, Yi Ren Daniel"]
[Result "0-1"]
[WhiteElo "2234"]
[BlackElo "2316"]
[PlyCount "72"]
[EventDate "2020.12.19"]
[EventType "swiss (blitz)"]
[EventRounds "21"]
[EventCountry "USA"]
[SourceTitle "EXT 2022"]
[Source "ChessBase"]
[SourceDate "2021.10.06"]
[SourceVersion "1"]
[SourceVersionDate "2021.10.06"]
[SourceQuality "1"]

1. e4 c6 2. d4 d5 3. e5 Bf5 4. Nf3 e6 5. Be2 c5 6. c4 Nc6 7. Nc3 cxd4 8. Nxd4 dxc4 9. Nxc6 Qxd1+ 10. Bxd1 bxc6 11. Ba4 Rc8 12. 0-0 Bb4 13. Rd1 Ne7 14. b3 Bxc3 15. Ba3 Bxa1 16. Rxa1 cxb3 17. axb3 Be4 18. Rc1 Bd5 19. Bc5 Rc7 20. Bd6 Rd7 21. Rd1 0-0 22. Rxd5 exd5 23. Bc5 Rb8 24. Kf1 Ng6 25. Ke2 Nxe5 26. Kd2 d4 27. f4 Ng6 28. g3 Ne7 29. Kd3 Nf5 30. Kc4 d3 31. b4 d2 32. Bd1 Re8 33. Kc3 Re1 34. Kc2 Ne3+ 35. Bxe3 Rxe3 36. Kb1 Rc3 0-1

[Event "Chess.com Bullet op2"]
[Site "Chess.com INT"]
[Date "2020.12.19"]
[Round "8"]
[White "Pichot, Alan"]
[Black "Chan, Yi Ren Daniel"]
[Result "1-0"]
[WhiteElo "2630"]
[BlackElo "2316"]
[PlyCount "85"]
[EventDate "2020.12.19"]
[EventType "swiss (blitz)"]
[EventRounds "21"]
[EventCountry "USA"]
[SourceTitle "EXT 2022"]
[Source "ChessBase"]
[SourceDate "2021.10.06"]
[SourceVersion "1"]
[SourceVersionDate "2021.10.06"]
[SourceQuality "1"]

1. e4 c6 2. Nf3 d5 3. d3 dxe4 4. dxe4 Qxd1+ 5. Kxd1 Nd7 6. Nfd2 e5 7. a4 Ngf6 8. f3 Bc5 9. Nb3 Bd6 10. Be3 Ke7 11. N1d2 Rd8 12. Nc4 Bc7 13. Kc1 Nb6 14. Bc5+ Ke8 15. Ne3 Be6 16. a5 Nbd7 17. Bc4 Bxc4 18. Nxc4 Nxc5 19. Nxc5 b6 20. Na6 Rd7 21. Nxc7+ Rxc7 22. axb6 Rb7 23. Nd6+ Kd7 24. Nxb7 axb6 25. Rxa8 Kc7 26. Rd1 Kxb7 27. Rf8 c5 28. Rxf7+ Kc6 29. Rxf6+ gxf6 30. Rd5 b5 31. c4 bxc4 32. Kc2 f5 33. Kc3 fxe4 34. fxe4 Kb5 35. Rxe5 h5 36. Rd5 h4 37. h3 Ka4 38. e5 Kb5 39. Rd6 Ka4 40. e6 Kb5 41. e7 Ka5 42. Kxc4 Ka4 43. Ra6# 1-0

[Event "Titled Tuesday intern op 24th Nov"]
[Site "Chess.com INT"]
[Date "2020.11.24"]
[Round "9"]
[White "Chan, Yi Ren Daniel"]
[Black "Poliannikov, Danila"]
[Result "1-0"]
[WhiteElo "2316"]
[BlackElo "2227"]
[PlyCount "47"]
[EventDate "2020.11.24"]
[EventType "swiss (blitz)"]
[EventRounds "11"]
[EventCountry "USA"]
[SourceTitle "CBM 199 Extra"]
[Source "ChessBase"]
[SourceDate "2021.01.31"]
[SourceVersion "1"]
[SourceVersionDate "2021.01.31"]
[SourceQuality "1"]

1. e4 Nc6 2. Nf3 d6 3. d4 Bg4 4. Be2 e5 5. c3 Nf6 6. d5 Bxf3 7. Bxf3 Ne7 8. Bg5 Ng6 9. Bxf6 Qxf6 10. Qa4+ Kd8 11. Nd2 Nh4 12. 0-0-0 g6 13. Bg4 Qe7 14. g3 f5 15. Bh3 b5 16. Qxb5 Bh6 17. gxh4 Qxh4 18. Qd3 fxe4 19. Qg3 Qf6 20. Kb1 Bxd2 21. Rxd2 Ke7 22. Re1 Rhf8 23. Rxe4 Rab8 24. f4 1-0